000 03153nam a2200565Ia 4500
001 7177
008 241029s9999 xx 000 0 und d
010 _a6798
041 _aEspañol
082 _aNO APLICA
245 0 _aEstrategias psicopedagógicas para la integración del estudiantado en el Salón de Clases, en el Sexto Grado de la Escuela Primaria El Limonal, Año 2017-2018.
260 _aPeravia
300 _a87
520 _a80
630 _aEstrategias Pedagógicas
630 _aEstudiantes
630 _aIntegración Social
630 _aTécnicas de intervención
650 _aEstrategias de aprendizajes
690 _aElaborado
700 _easesor
_a Ávila , Casilda
700 _eautor
_a Lara Díaz , Santa Simons
700 _eautor
_aa Aybar Carvajal , Santa Betin
901 _a{"1":" Lara Díaz ","2":"a Aybar Carvajal "}
_b{"1":"Santa Simons","2":"Santa Betin"}
902 _a1
903 _a{"1":" Ávila "}
_b{"1":"Casilda"}
904 _aMaestría en
905 _aOrientación Educativa e Intervención Psicopedagógica
906 _a2
907 _aNO APLICA
908 _aNO APLICA
909 _a Centro Universitario Regional de Baní, CURBAN (UASD)
910 _aNULL
_bNULL
911 _a["1"]
912 _aNO APLICA
913 _aNULL
914 _a03 de Diciembre de 2018
915 _a24/11/19 10:11
916 _aNULL
917 _aNULL
918 _aNO APLICA
919 _a["245","96","124","241"]
520 _aEl objetivo general de este estudio fue: el estudiantado participa en la implementación de estrategias psicopedagógicas que garantice el desarrollo de destrezas, habilidades y actitudes para la integración en el salón de clases. Como objetivos específicos presentaron: el estudiantado se involucra en actividades que propicien el desarrollo de sus potencialidades y participan en acciones vinculadas a la mejora de las relaciones interpersonales. Fue un estudio cualitativo con un enfoque de investigación- acción, sus técnicas de intervención fueron triple diagnóstico, observación participante, entrevista estructuradas, cuestionario abierto, lluvia de ideas, trabajo en equipo. La población en estudio estuvo conformada por 22 estudiantes del 6to grado, con edades entre 10 y 12 años, ubicados en el Centro Educativo El Limonal. El estudio concluyó que, el estudiantado en condiciones vulnerables debe ser favorecido para su crecimiento como persona. El Estudiantado reconoce que son parte integral de un grupo y que así pueden mejorar la relación interpersonal, porque así podrán nutrirse de estrategias que aportarán soluciones y reflexiones sobre sus actitudes.El estudio recomendó al centro educativo la sensibilización de los docentes sobre la implementación de las estrategias psicopedagógicas en su planificación anual.  Sistematización y monitoreo por parte de la comunidad educativa en la ejecución de las estrategias psicopedagógicas e implementación del proyecto de centro.     
921 _a78
922 _a78
923 _a1
924 _aNO APLICA
942 _cTesis
999 _c6798
_d6798